Rimba Bandar Bukit Bauk, Terengganu : Pengurusan, hutan, persekitaran fizikal dan kepelbagaian biologi

Bibliographic Details
Corporate Author: Malaysia
Other Authors: A Latiff, H.L.Koh, I. Faridah -Hanum, Mohd. Rahim Rani, Na'aman Jaafar, Razani Ujang
Format: Book
Published: Kuala Lumpur : Jabatan Perhutanan Semenanjung Malaysia , 2008
Series:Siri 10 : Kepelbagaian Biologi Hutan
Subjects:

MARC

LEADER 00000cam a2200000 7i4500
001 0000003965
005 20130117.0
020 0 0 |a 9789839269741 
090 0 0 |a JPSM 634.9068   |b RIM T 
245 0 0 |a Rimba Bandar Bukit Bauk, Terengganu :   |b Pengurusan, hutan, persekitaran fizikal dan kepelbagaian biologi   |c Disunting oleh Razani Ujang, H.L.Koh,...[et.al] 
260 0 0 |a Kuala Lumpur :   |b Jabatan Perhutanan Semenanjung Malaysia ,   |c 2008 
300 |a 308 p. :   |b ill., maps ;   |c 26 cm. 
440 0 0 |a Siri 10 : Kepelbagaian Biologi Hutan 
500 0 0 |a Includes bibliographical references 
650 0 0 |a Biological diversity conservation   |z Rimba Bandar Bukit Bauk, Terengganu 
650 0 0 |a Biological diversity   |z Rimba Bandar Bukit Bauk, Terengganu 
700 0 1 |a A Latiff 
700 0 1 |a H.L.Koh 
700 0 1 |a I. Faridah -Hanum 
700 0 1 |a Mohd. Rahim Rani 
700 0 1 |a Na'aman Jaafar 
700 0 1 |a Razani Ujang 
710 1 1 |a Malaysia ,   |c Jabatan Perhutanan Semenanjung Malaysia 
710 1 1 |a Malaysia ,   |c Rimba Bandar Bukit Bauk, Terengganu 
998 |a JPSM 
999 |a 007746   |b Monograph   |c Open Shelf   |e Default branch